[Event "MP do lat 16 - dziewczeta"]
[Site "Sypniewo"]
[Date "2022.03.21"]
[Round "3.19"]
[White "Janikowska, Wiktoria"]
[Black "Pieczewska, Jadwiga"]
[Result "1-0"]
[BlackElo "1234"]
[WhiteElo "1564"]
[LiveChessVersion "1.4.8"]

1. e4 {[%clk 1:30:57]} e6 {[%clk 1:30:56]} 2. d4 {[%clk 1:31:22]} d5
{[%clk 1:31:22]} 3. Nc3 {[%clk 1:31:46]} dxe4 {[%clk 1:31:35]} 4. Nxe4
{[%clk 1:32:03]} Bd7 {[%clk 1:31:49]} 5. Nf3 {[%clk 1:32:18]} Bc6
{[%clk 1:32:09]} 6. Bd3 {[%clk 1:32:38]} Nd7 {[%clk 1:32:22]} 7. O-O
{[%clk 1:32:43]} Ngf6 {[%clk 1:32:32]} 8. Nxf6+ {[%clk 1:32:52]} Nxf6
{[%clk 1:32:52]} 9. c3 {[%clk 1:32:48]} Bd6 {[%clk 1:32:09]} 10. b3
{[%clk 1:31:57]} O-O {[%clk 1:30:26]} 11. Re1 {[%clk 1:26:31]} Re8
{[%clk 1:29:01]} 12. Bg5 {[%clk 1:24:19]} h6 {[%clk 1:23:01]} 13. Bh4
{[%clk 1:24:00]} Be7 {[%clk 1:21:33]} 14. Ne5 {[%clk 1:19:25]} Nd5
{[%clk 1:03:16]} 15. Nxc6 {[%clk 1:05:18]} bxc6 {[%clk 1:03:31]} 16. Bxe7
{[%clk 1:05:37]} Qxe7 {[%clk 1:03:19]} 17. c4 {[%clk 0:59:00]} Nf6
{[%clk 1:01:07]} 18. Qf3 {[%clk 0:53:05]} Qd6 {[%clk 0:50:33]} 19. Rad1
{[%clk 0:50:38]} Rad8 {[%clk 0:41:16]} 20. Qe2 {[%clk 0:45:06]} c5
{[%clk 0:36:11]} 21. dxc5 {[%clk 0:44:26]} Qxc5 {[%clk 0:36:32]} 22. Qe5
{[%clk 0:37:21]} Qb6 {[%clk 0:28:01]} 23. Qc3 {[%clk 0:13:47]} Kh8
{[%clk 0:20:37]} 24. b4 {[%clk 0:07:23]} c5 {[%clk 0:11:04]} 25. b5
{[%clk 0:06:22]} Rd4 {[%clk 0:06:27]} 26. Bc2 {[%clk 0:04:03]} Red8
{[%clk 0:04:57]} 27. h3 {[%clk 0:02:45]} a6 {[%clk 0:04:06]} 28. a4
{[%clk 0:02:57]} axb5 {[%clk 0:03:52]} 29. axb5 {[%clk 0:03:13]} Qd6
{[%clk 0:02:53]} 30. Qa5 {[%clk 0:02:16]} Qb8 {[%clk 0:01:52]} 31. b6
{[%clk 0:02:14]} Rxc4 {[%clk 0:00:57]} 32. Rxd8+ {[%clk 0:01:43]} Qxd8
{[%clk 0:00:34]} 33. Rd1 {[%clk 0:01:59]} Qb8 34. b7 Qxb7 1-0

[Event "MP do lat 16 - dziewczeta"]
[Site "Sypniewo"]
[Date "2022.03.21"]
[Round "3.20"]
[White "Olszewska, Wiktoria"]
[Black "Obrochta, Lena"]
[Result "0-1"]
[BlackElo "1685"]
[WhiteElo "1262"]
[LiveChessVersion "1.4.8"]

1. e4 {[%clk 1:30:56]} c5 {[%clk 1:30:36]} 2. Nf3 {[%clk 1:31:11]} e6
{[%clk 1:30:38]} 3. d4 {[%clk 1:31:12]} cxd4 {[%clk 1:31:00]} 4. Nxd4
{[%clk 1:31:36]} a6 {[%clk 1:31:22]} 5. Nc3 {[%clk 1:31:23]} Qc7 {[%clk 1:31:15]}
6. Be2 {[%clk 1:31:03]} Nf6 {[%clk 1:30:06]} 7. O-O {[%clk 1:30:19]} d6
{[%clk 1:29:47]} 8. f4 {[%clk 1:27:47]} Nbd7 {[%clk 1:27:48]} 9. Be3
{[%clk 1:23:54]} b5 {[%clk 1:26:32]} 10. Bf3 {[%clk 1:19:50]} Bb7
{[%clk 1:25:52]} 11. a3 {[%clk 1:01:12]} Nc5 {[%clk 1:14:51]} 12. e5
{[%clk 0:29:35]} dxe5 {[%clk 1:12:22]} 13. fxe5 {[%clk 0:29:46]} Qxe5
{[%clk 1:04:42]} 14. Bf4 {[%clk 0:24:46]} Bxf3 {[%clk 1:04:44]} 15. Bxe5
{[%clk 0:21:42]} Bxd1 {[%clk 1:04:54]} 16. Raxd1 {[%clk 0:19:33]} Nfd7
{[%clk 0:59:10]} 17. Bg3 {[%clk 0:18:45]} Be7 {[%clk 0:58:57]} 18. b4
{[%clk 0:13:13]} Nb7 {[%clk 0:51:29]} 19. Ne4 {[%clk 0:12:22]} Rc8
{[%clk 0:51:15]} 20. Rd2 {[%clk 0:10:15]} Nb6 {[%clk 0:49:45]} 21. Rf3
{[%clk 0:06:41]} O-O {[%clk 0:48:01]} 22. Rdf2 {[%clk 0:04:16]} Nc4
{[%clk 0:44:04]} 23. Nd2 {[%clk 0:01:38]} Bf6 {[%clk 0:42:44]} 24. N4b3
{[%clk 0:00:38]} Nxa3 {[%clk 0:37:02]} 25. Ne4 {[%clk 0:00:49]} Be7
{[%clk 0:32:48]} 26. c3 {[%clk 0:00:41]} Nc4 {[%clk 0:32:11]} 27. Nd4
{[%clk 0:00:44]} Ncd6 {[%clk 0:28:46]} 28. Nd2 {[%clk 0:00:34]} a5
{[%clk 0:28:31]} 29. bxa5 {[%clk 0:00:45]} Nxa5 {[%clk 0:28:42]} 30. Kf1
{[%clk 0:00:35]} Nac4 {[%clk 0:25:47]} 31. Nxc4 {[%clk 0:00:35]} bxc4
{[%clk 0:25:54]} 32. Rb2 {[%clk 0:00:33]} Ne4 {[%clk 0:25:22]} 33. Bf2
{[%clk 0:00:35]} Bf6 {[%clk 0:24:49]} 34. Bg1 {[%clk 0:00:43]} Rfd8
{[%clk 0:23:36]} 35. Re2 {[%clk 0:00:33]} Nxc3 {[%clk 0:23:18]} 36. Rxc3
{[%clk 0:00:47]} Bxd4 {[%clk 0:23:26]} 37. Bxd4 {[%clk 0:01:05]} Rxd4
{[%clk 0:23:33]} 38. Rec2 {[%clk 0:01:05]} Kf8 {[%clk 0:23:25]} 39. Ke2
{[%clk 0:00:58]} Ke7 {[%clk 0:23:00]} 40. Ke3 {[%clk 0:31:12]} e5
{[%clk 0:52:52]} 41. Kf3 {[%clk 0:30:42]} Ke6 {[%clk 0:52:55]} 0-1

[Event "MP do lat 16 - dziewczeta"]
[Site "Sypniewo"]
[Date "2022.03.21"]
[Round "3.21"]
[White "Labedz, Gabriela"]
[Black "Wiecek, Karolina"]
[Result "1-0"]
[BlackElo "1227"]
[WhiteElo "1404"]
[LiveChessVersion "1.4.8"]

1. e4 {[%clk 1:30:58]} e5 {[%clk 1:30:53]} 2. Nf3 {[%clk 1:31:12]} Nf6
{[%clk 1:31:14]} 3. Nxe5 {[%clk 1:28:30]} d6 {[%clk 1:31:36]} 4. Nf3
{[%clk 1:26:49]} Nxe4 {[%clk 1:31:54]} 5. Nc3 {[%clk 1:23:23]} Nxc3
{[%clk 1:32:04]} 6. dxc3 {[%clk 1:22:28]} Be7 {[%clk 1:32:03]} 7. Bd3
{[%clk 1:19:02]} Bg4 {[%clk 1:29:12]} 8. Qe2 {[%clk 1:10:56]} d5 {[%clk 1:21:44]}
9. Bf4 {[%clk 1:04:21]} Nd7 10. O-O-O Bxf3 {[%clk 0:56:21]} 11. Qxf3
{[%clk 0:49:53]} Nf6 {[%clk 0:48:09]} 12. Rhe1 {[%clk 0:42:16]} O-O
{[%clk 0:45:46]} 13. g4 {[%clk 0:34:37]} c6 {[%clk 0:40:25]} 14. g5
{[%clk 0:30:14]} Ne8 {[%clk 0:37:02]} 15. Bxh7+ {[%clk 0:17:05]} Kxh7
{[%clk 0:36:21]} 16. Qh5+ {[%clk 0:16:40]} Kg8 {[%clk 0:36:38]} 17. Rd3
{[%clk 0:14:43]} Bxg5 {[%clk 0:29:29]} 18. Bxg5 {[%clk 0:12:23]} Qd6
{[%clk 0:25:27]} 19. Rh3 {[%clk 0:08:26]} f6 {[%clk 0:25:29]} 20. Qh7+
{[%clk 0:05:04]} Kf7 {[%clk 0:25:49]} 21. Bh6 {[%clk 0:05:00]} Rg8
{[%clk 0:24:24]} 22. Rhe3 {[%clk 0:03:58]} Nc7 {[%clk 0:19:51]} 23. Rg3
{[%clk 0:02:42]} Ne6 {[%clk 0:17:46]} 24. Be3 {[%clk 0:01:55]} Rh8
{[%clk 0:16:04]} 25. Qg6+ {[%clk 0:01:54]} Kf8 {[%clk 0:15:17]} 26. Bc5
{[%clk 0:01:23]} Qxc5 {[%clk 0:15:11]} 27. Rxe6 {[%clk 0:01:41]} Rg8
{[%clk 0:15:01]} 28. Rxf6+ {[%clk 0:01:15]} gxf6 {[%clk 0:14:23]} 29. Qxf6+
{[%clk 0:01:25]} 1-0

[Event "MP do lat 16 - dziewczeta"]
[Site "Sypniewo"]
[Date "2022.03.21"]
[Round "3.23"]
[White "Gac-Mytych, Sara"]
[Black "Idzior, Izabela"]
[Result "0-1"]
[BlackElo "1369"]
[WhiteElo "1202"]
[LiveChessVersion "1.4.8"]

1. e4 {[%clk 1:30:59]} e6 {[%clk 1:30:56]} 2. d4 {[%clk 1:31:18]} d5
{[%clk 1:31:22]} 3. Nd2 {[%clk 1:31:34]} Nc6 {[%clk 1:31:47]} 4. Ngf3
{[%clk 1:20:17]} Nf6 {[%clk 1:32:11]} 5. e5 {[%clk 1:19:48]} Nd7 {[%clk 1:32:37]}
6. Be2 {[%clk 1:10:30]} f6 {[%clk 1:32:47]} 7. exf6 {[%clk 1:05:57]} Qxf6
{[%clk 1:33:06]} 8. Nb3 {[%clk 1:04:55]} a5 {[%clk 1:30:24]} 9. a4
{[%clk 0:56:13]} Bd6 {[%clk 1:28:38]} 10. Bb5 {[%clk 0:37:10]} O-O
{[%clk 1:27:16]} 11. Be3 {[%clk 0:33:00]} Qg6 {[%clk 1:20:49]} 12. Ng5
{[%clk 0:21:58]} Nb4 {[%clk 1:16:24]} 13. Rc1 {[%clk 0:04:41]} c6
{[%clk 1:13:25]} 14. Bd3 {[%clk 0:01:49]} Nxd3+ {[%clk 1:13:45]} 15. Qxd3
{[%clk 0:02:09]} Rf5 {[%clk 1:11:48]} 16. g4 {[%clk 0:02:01]} Rxg5
{[%clk 1:10:50]} 17. Bxg5 {[%clk 0:02:12]} Qxg5 {[%clk 1:11:09]} 18. h3
{[%clk 0:02:03]} c5 {[%clk 1:11:16]} 19. Nd2 {[%clk 0:01:46]} cxd4
{[%clk 1:08:45]} 20. Qxd4 {[%clk 0:02:09]} Bc5 {[%clk 1:07:40]} 21. Qd3
{[%clk 0:02:05]} Ne5 {[%clk 1:06:51]} 22. Qe2 {[%clk 0:02:11]} b6
{[%clk 1:06:06]} 23. h4 {[%clk 0:01:06]} Qf4 {[%clk 1:05:45]} 24. f3
{[%clk 0:00:59]} Ba6 {[%clk 1:05:54]} 25. Qg2 {[%clk 0:00:51]} Qe3+
{[%clk 1:05:10]} 26. Kd1 {[%clk 0:01:13]} Nc4 {[%clk 1:05:06]} 27. Nxc4
{[%clk 0:00:45]} dxc4 {[%clk 1:04:53]} 28. c3 {[%clk 0:00:40]} Rd8+
{[%clk 1:04:28]} 29. Kc2 {[%clk 0:01:06]} Qd3# {[%clk 1:04:46]} 0-1

[Event "MP do lat 16 - dziewczeta"]
[Site "Sypniewo"]
[Date "2022.03.21"]
[Round "3.24"]
[White "Reszka, Barbara"]
[Black "Romejko, Jagoda"]
[Result "1/2-1/2"]
[BlackElo "1361"]
[WhiteElo "1156"]
[LiveChessVersion "1.4.8"]

1. e4 {[%clk 1:30:58]} e5 {[%clk 1:30:57]} 2. Nf3 {[%clk 1:31:04]} Nc6
{[%clk 1:31:23]} 3. d4 {[%clk 1:31:06]} exd4 {[%clk 1:31:49]} 4. Nxd4
{[%clk 1:31:24]} Nf6 {[%clk 1:32:15]} 5. Nc3 {[%clk 1:31:41]} Bb4
{[%clk 1:32:42]} 6. Nxc6 {[%clk 1:31:56]} bxc6 {[%clk 1:33:09]} 7. Bd3
{[%clk 1:32:08]} d5 {[%clk 1:33:10]} 8. exd5 {[%clk 1:32:26]} O-O
{[%clk 1:32:30]} 9. O-O {[%clk 1:32:42]} cxd5 {[%clk 1:32:55]} 10. Bg5
{[%clk 1:32:50]} c6 {[%clk 1:33:12]} 11. Na4 {[%clk 1:32:29]} h6 {[%clk 1:28:26]}
12. Bh4 {[%clk 1:32:44]} Re8 {[%clk 1:25:10]} 13. c4 {[%clk 1:31:07]} Qd6
{[%clk 1:10:26]} 14. Bg3 {[%clk 1:08:00]} Qe7 {[%clk 1:02:26]} 15. a3
{[%clk 1:05:30]} Ba5 {[%clk 0:57:48]} 16. c5 {[%clk 0:55:01]} Bg4
{[%clk 0:55:34]} 17. f3 {[%clk 0:51:05]} Bh5 {[%clk 0:53:52]} 18. b4
{[%clk 0:48:32]} Bc7 {[%clk 0:53:27]} 19. Bxc7 {[%clk 0:44:50]} Qxc7
{[%clk 0:53:49]} 20. Qd2 {[%clk 0:43:29]} Bg6 {[%clk 0:50:49]} 21. Bxg6
{[%clk 0:41:34]} fxg6 {[%clk 0:48:38]} 22. Rfe1 {[%clk 0:40:16]} Nd7
{[%clk 0:46:26]} 23. Nb2 {[%clk 0:38:04]} Ne5 {[%clk 0:44:53]} 24. Rac1
{[%clk 0:26:23]} Rab8 {[%clk 0:43:15]} 25. f4 {[%clk 0:16:48]} Ng4
{[%clk 0:40:41]} 26. Nd3 {[%clk 0:16:12]} g5 {[%clk 0:38:17]} 27. h3
{[%clk 0:15:41]} Nf6 {[%clk 0:37:03]} 28. fxg5 {[%clk 0:15:40]} Ne4
{[%clk 0:37:11]} 29. Qf4 {[%clk 0:14:00]} Qxf4 {[%clk 0:36:01]} 30. Nxf4
{[%clk 0:14:22]} Nxg5 {[%clk 0:35:32]} 31. Nd3 {[%clk 0:13:12]} Ne4
{[%clk 0:34:42]} 32. Nf2 {[%clk 0:12:55]} Nd2 {[%clk 0:34:33]} 33. Nd3
{[%clk 0:11:30]} Nc4 {[%clk 0:34:26]} 34. a4 {[%clk 0:11:36]} Kf8
{[%clk 0:20:34]} 35. Rf1+ {[%clk 0:11:26]} Kg8 {[%clk 0:20:06]} 36. Rfe1
{[%clk 0:11:21]} Re3 {[%clk 0:13:55]} 37. Rxe3 {[%clk 0:11:21]} Nxe3
{[%clk 0:14:23]} 38. Kf2 {[%clk 0:10:41]} Nc4 {[%clk 0:14:16]} 39. Re1
{[%clk 0:10:19]} Kf7 {[%clk 0:14:27]} 40. g4 {[%clk 0:37:36]} a5 {[%clk 0:38:14]}
41. bxa5 {[%clk 0:37:09]} Ra8 {[%clk 0:38:21]} 42. a6 {[%clk 0:31:34]} Rxa6
{[%clk 0:37:21]} 43. Nb4 {[%clk 0:27:04]} Ra5 {[%clk 0:30:07]} 44. Nxc6
{[%clk 0:26:59]} Rxc5 {[%clk 0:30:20]} 45. Nd8+ {[%clk 0:26:37]} Kg6
{[%clk 0:28:28]} 46. Re6+ {[%clk 0:23:53]} Kh7 {[%clk 0:26:40]} 47. Nb7
{[%clk 0:20:14]} Rc7 {[%clk 0:25:55]} 48. Nd8 {[%clk 0:18:43]} Ra7
{[%clk 0:25:18]} 49. Rc6 {[%clk 0:17:08]} Rxa4 {[%clk 0:23:37]} 50. Rc5
{[%clk 0:16:44]} Ra2+ {[%clk 0:22:00]} 51. Kg3 {[%clk 0:15:00]} Rd2
{[%clk 0:21:43]} 52. Nc6 {[%clk 0:14:17]} Nd6 {[%clk 0:21:02]} 53. Kf4
{[%clk 0:12:33]} d4 {[%clk 0:18:05]} 54. Rd5 {[%clk 0:11:48]} Rf2+
{[%clk 0:15:36]} 55. Ke5 {[%clk 0:11:01]} Nf7+ {[%clk 0:15:41]} 56. Kxd4
{[%clk 0:11:08]} Rd2+ {[%clk 0:15:53]} 57. Kc5 {[%clk 0:10:29]} 1/2-1/2

[Event "MP do lat 16 - dziewczeta"]
[Site "Sypniewo"]
[Date "2022.03.22"]
[Round "4.1"]
[White "Bukala, Weronika"]
[Black "Zabrzanska, Weronika"]
[Result "0-1"]
[BlackElo "1942"]
[WhiteElo "1801"]
[LiveChessVersion "1.4.8"]

1. d4 {[%clk 1:27:31]} Nf6 {[%clk 1:30:35]} 2. Bf4 {[%clk 1:27:51]} e6
{[%clk 1:28:27]} 3. e3 {[%clk 1:28:12]} d5 {[%clk 1:27:51]} 4. Nd2
{[%clk 1:27:42]} Bd6 {[%clk 1:26:24]} 5. Bg3 {[%clk 1:27:58]} O-O
{[%clk 1:21:14]} 6. Ngf3 {[%clk 1:28:07]} b6 {[%clk 1:20:50]} 7. Bd3
{[%clk 1:27:47]} Bb7 {[%clk 1:20:33]} 8. Ne5 {[%clk 1:24:42]} Nbd7
{[%clk 1:17:11]} 9. O-O {[%clk 1:24:29]} Ne4 {[%clk 1:14:29]} 10. Nxd7
{[%clk 1:01:33]} Qxd7 {[%clk 1:11:29]} 11. Bxd6 {[%clk 0:58:49]} Qxd6
{[%clk 1:09:51]} 12. c3 {[%clk 0:56:35]} e5 {[%clk 1:03:10]} 13. f4
{[%clk 0:36:04]} exd4 {[%clk 0:58:55]} 14. exd4 {[%clk 0:36:03]} Rae8
{[%clk 0:56:52]} 15. Bxe4 {[%clk 0:32:30]} dxe4 {[%clk 0:57:06]} 16. Nc4
{[%clk 0:32:45]} Qe6 {[%clk 0:53:38]} 17. Ne3 {[%clk 0:28:36]} Rd8
{[%clk 0:48:00]} 18. f5 {[%clk 0:21:21]} Qh6 {[%clk 0:46:25]} 19. Ng4
{[%clk 0:15:53]} Qg5 {[%clk 0:45:44]} 20. f6 {[%clk 0:13:53]} Rd6
{[%clk 0:41:28]} 21. fxg7 {[%clk 0:05:54]} Kxg7 {[%clk 0:41:32]} 22. Ne5
{[%clk 0:05:28]} f5 {[%clk 0:39:59]} 23. g3 {[%clk 0:04:12]} h5 {[%clk 0:37:34]}
24. Rf4 {[%clk 0:04:08]} Rh6 {[%clk 0:36:53]} 25. Qd2 {[%clk 0:03:04]} Kh7
{[%clk 0:35:52]} 26. Qg2 {[%clk 0:01:58]} Qe7 {[%clk 0:28:46]} 27. Qh3
{[%clk 0:01:26]} c5 {[%clk 0:27:32]} 28. Rxf5 {[%clk 0:00:43]} Bc8
{[%clk 0:27:17]} 29. Raf1 {[%clk 0:00:53]} Bxf5 {[%clk 0:23:24]} 30. Rxf5
{[%clk 0:01:22]} Qe6 {[%clk 0:23:53]} 0-1

[Event "MP do lat 16 - dziewczeta"]
[Site "Sypniewo"]
[Date "2022.03.22"]
[Round "4.2"]
[White "Barwinska, Ewa"]
[Black "Biniak, Zuzanna"]
[Result "1-0"]
[BlackElo "1257"]
[WhiteElo "1848"]
[LiveChessVersion "1.4.8"]

1. e4 {[%clk 1:30:59]} c5 {[%clk 1:30:55]} 2. Nf3 {[%clk 1:31:20]} Nc6
{[%clk 1:31:20]} 3. Bb5 {[%clk 1:31:36]} d6 {[%clk 1:30:17]} 4. c3
{[%clk 1:31:04]} Bd7 {[%clk 1:29:29]} 5. O-O {[%clk 1:26:33]} Nf6
{[%clk 1:27:45]} 6. Re1 {[%clk 1:26:27]} g6 {[%clk 1:24:26]} 7. d4
{[%clk 1:23:51]} cxd4 {[%clk 1:24:22]} 8. cxd4 {[%clk 1:23:57]} a6
{[%clk 1:22:52]} 9. Ba4 {[%clk 1:10:03]} b5 {[%clk 1:16:30]} 10. e5
{[%clk 1:03:32]} dxe5 {[%clk 1:07:47]} 11. dxe5 {[%clk 1:02:48]} Nxe5
{[%clk 0:53:31]} 12. Nxe5 {[%clk 1:01:13]} bxa4 {[%clk 0:52:14]} 13. Nxd7
{[%clk 0:51:40]} Qxd7 {[%clk 0:51:46]} 14. Qf3 {[%clk 0:50:55]} Qd5
{[%clk 0:48:37]} 15. Qxf6 {[%clk 0:49:20]} Rg8 {[%clk 0:49:04]} 16. Nc3
{[%clk 0:46:51]} Qb7 {[%clk 0:48:57]} 17. Qd4 {[%clk 0:46:03]} Bg7
{[%clk 0:48:14]} 18. Qxa4+ {[%clk 0:46:16]} Kf8 {[%clk 0:48:23]} 19. Qh4
{[%clk 0:43:35]} h5 {[%clk 0:48:08]} 20. Bf4 {[%clk 0:40:18]} Bf6
{[%clk 0:47:55]} 21. Bh6+ {[%clk 0:40:29]} Bg7 {[%clk 0:48:15]} 22. Bxg7+
{[%clk 0:40:43]} Kxg7 {[%clk 0:48:41]} 23. Rxe7 {[%clk 0:37:09]} Qxb2
{[%clk 0:49:05]} 24. Qd4+ {[%clk 0:37:18]} Kf8 {[%clk 0:49:13]} 25. Rae1
{[%clk 0:37:35]} Rc8 {[%clk 0:49:04]} 26. Qf6 {[%clk 0:37:34]} Rg7
{[%clk 0:49:15]} 27. Rxf7+ {[%clk 0:37:48]} 1-0

[Event "MP do lat 16 - dziewczeta"]
[Site "Sypniewo"]
[Date "2022.03.22"]
[Round "4.3"]
[White "Siekanska, Maria"]
[Black "Samol, Julia"]
[Result "1-0"]
[BlackElo "1317"]
[WhiteElo "1989"]
[LiveChessVersion "1.4.8"]

1. d4 {[%clk 1:30:57]} d5 {[%clk 1:30:57]} 2. c4 {[%clk 1:31:20]} e6
{[%clk 1:31:22]} 3. Nc3 {[%clk 1:31:39]} c6 {[%clk 1:31:43]} 4. e3
{[%clk 1:32:02]} Bd6 {[%clk 1:31:53]} 5. Nf3 {[%clk 1:32:01]} f5 {[%clk 1:31:43]}
6. Bd3 {[%clk 1:31:46]} Nf6 {[%clk 1:31:53]} 7. O-O {[%clk 1:30:54]} O-O
{[%clk 1:32:00]} 8. b3 {[%clk 1:30:10]} Ne4 {[%clk 1:31:08]} 9. Bb2
{[%clk 1:29:14]} Qf6 {[%clk 1:30:04]} 10. Ne2 {[%clk 1:25:56]} Nd7
{[%clk 1:28:44]} 11. Nf4 {[%clk 1:22:38]} g5 {[%clk 1:26:05]} 12. Nh5
{[%clk 1:21:09]} Qh6 {[%clk 1:24:23]} 13. Ne5 {[%clk 1:21:02]} Ndf6
{[%clk 1:11:43]} 14. Nxf6+ {[%clk 1:17:37]} Nxf6 {[%clk 1:08:31]} 15. Qe2
{[%clk 1:15:27]} Bd7 {[%clk 1:01:38]} 16. Rae1 {[%clk 1:06:34]} Be8
{[%clk 0:59:11]} 17. cxd5 {[%clk 1:04:40]} cxd5 {[%clk 0:58:05]} 18. Rc1
{[%clk 0:57:21]} Bh5 {[%clk 0:51:25]} 19. Qd2 {[%clk 0:51:44]} Ng4
{[%clk 0:43:02]} 20. Nxg4 {[%clk 0:37:57]} Bxg4 {[%clk 0:43:02]} 21. f4
{[%clk 0:38:06]} Rf7 {[%clk 0:38:27]} 22. Bc3 {[%clk 0:32:05]} Rc8
{[%clk 0:30:23]} 23. g3 {[%clk 0:30:10]} Bh3 {[%clk 0:26:30]} 24. Bb4
{[%clk 0:28:15]} Rxc1 {[%clk 0:25:51]} 25. Rxc1 {[%clk 0:27:59]} Bxb4
{[%clk 0:26:00]} 26. Qxb4 {[%clk 0:28:12]} gxf4 {[%clk 0:21:27]} 27. exf4
{[%clk 0:28:01]} Qf6 {[%clk 0:12:22]} 28. Qc5 {[%clk 0:25:48]} b6
{[%clk 0:10:10]} 29. Qc8+ {[%clk 0:25:35]} Kg7 {[%clk 0:10:35]} 30. Qc3
{[%clk 0:25:42]} Kg6 {[%clk 0:09:03]} 31. a4 {[%clk 0:24:44]} Kh6
{[%clk 0:07:44]} 32. Re1 {[%clk 0:23:47]} Kg6 {[%clk 0:06:03]} 33. Re5
{[%clk 0:23:38]} Re7 {[%clk 0:05:00]} 34. Ba6 {[%clk 0:22:05]} Kf7
{[%clk 0:02:24]} 35. Bc8 {[%clk 0:21:48]} Qg6 {[%clk 0:02:09]} 36. Qe3
{[%clk 0:19:01]} Qf6 {[%clk 0:01:01]} 37. b4 {[%clk 0:18:47]} Bg4
{[%clk 0:01:01]} 38. Qd3 {[%clk 0:17:26]} h6 {[%clk 0:00:44]} 39. Kg2
{[%clk 0:17:22]} Qg6 {[%clk 0:00:48]} 40. h3 {[%clk 0:46:36]} Bh5 41. a5
{[%clk 0:35:38]} bxa5 {[%clk 0:30:27]} 42. bxa5 {[%clk 0:35:51]} Qf6
{[%clk 0:22:51]} 43. Bxe6+ {[%clk 0:34:12]} Rxe6 {[%clk 0:21:12]} 44. Rxf5
{[%clk 0:34:27]} Re2+ {[%clk 0:20:08]} 45. Kf1 {[%clk 0:34:18]} Re7
{[%clk 0:16:44]} 46. Rxf6+ {[%clk 0:34:25]} Kxf6 {[%clk 0:17:10]} 47. g4
{[%clk 0:33:41]} Be8 {[%clk 0:17:14]} 48. Qf5+ {[%clk 0:33:50]} Kg7
{[%clk 0:17:39]} 49. Qxd5 {[%clk 0:34:04]} 1-0

[Event "MP do lat 16 - dziewczeta"]
[Site "Sypniewo"]
[Date "2022.03.22"]
[Round "4.4"]
[White "Oborska, Magda"]
[Black "Mroz, Lena"]
[Result "1/2-1/2"]
[BlackElo "1773"]
[WhiteElo "1627"]
[LiveChessVersion "1.4.8"]

1. e4 {[%clk 1:30:57]} c5 {[%clk 1:30:54]} 2. Nf3 {[%clk 1:31:23]} Nc6
{[%clk 1:31:08]} 3. d4 {[%clk 1:31:40]} cxd4 {[%clk 1:31:31]} 4. Nxd4
{[%clk 1:32:07]} Qb6 {[%clk 1:31:52]} 5. Nb3 {[%clk 1:31:31]} Nf6
{[%clk 1:32:09]} 6. Nc3 {[%clk 1:31:45]} e6 {[%clk 1:32:23]} 7. Bd3
{[%clk 1:31:27]} Be7 {[%clk 1:31:49]} 8. O-O {[%clk 1:31:41]} a6 {[%clk 1:30:40]}
9. Be3 {[%clk 1:30:09]} Qc7 {[%clk 1:31:03]} 10. Na4 {[%clk 1:24:05]} Ne5
{[%clk 1:21:58]} 11. h3 {[%clk 1:16:29]} b5 {[%clk 1:16:14]} 12. Nb6
{[%clk 1:15:52]} Rb8 {[%clk 1:16:27]} 13. Nxc8 {[%clk 1:16:06]} Rxc8
{[%clk 1:15:44]} 14. a4 {[%clk 1:10:01]} Nc4 {[%clk 1:08:00]} 15. Bd4
{[%clk 1:07:19]} e5 {[%clk 1:04:37]} 16. Bc3 {[%clk 1:05:26]} b4 {[%clk 1:02:44]}
17. Bxc4 {[%clk 1:03:30]} bxc3 {[%clk 0:59:11]} 18. Bxa6 {[%clk 1:01:48]} cxb2
{[%clk 0:56:50]} 19. Ra2 {[%clk 1:01:21]} Ra8 {[%clk 0:52:47]} 20. Bb5
{[%clk 0:55:46]} O-O {[%clk 0:51:21]} 21. Rxb2 {[%clk 0:54:06]} Nxe4
{[%clk 0:45:26]} 22. Qxd7 {[%clk 0:52:45]} Qxd7 {[%clk 0:44:30]} 23. Bxd7
{[%clk 0:53:07]} Nc3 {[%clk 0:44:20]} 24. Ra1 {[%clk 0:49:52]} e4
{[%clk 0:42:12]} 25. Kf1 {[%clk 0:39:46]} Bf6 {[%clk 0:33:31]} 26. Re1
{[%clk 0:38:58]} Rad8 {[%clk 0:32:11]} 27. Bg4 {[%clk 0:37:52]} g6
{[%clk 0:29:47]} 28. Nc5 {[%clk 0:30:19]} Nxa4 {[%clk 0:24:49]} 29. Rb5
{[%clk 0:24:28]} Rd5 {[%clk 0:21:22]} 30. Nxe4 {[%clk 0:23:55]} Rxb5
{[%clk 0:21:28]} 31. Bd7 {[%clk 0:20:51]} Rb4 {[%clk 0:16:36]} 32. Nxf6+
{[%clk 0:20:45]} Kg7 {[%clk 0:14:35]} 33. Bxa4 {[%clk 0:15:48]} Rxa4
{[%clk 0:15:01]} 34. Nd5 {[%clk 0:15:59]} Rc4 {[%clk 0:14:34]} 35. Ne3
{[%clk 0:16:18]} Rc3 {[%clk 0:14:46]} 36. g3 {[%clk 0:16:11]} Rd8
{[%clk 0:14:54]} 37. Re2 {[%clk 0:15:44]} f5 {[%clk 0:12:25]} 38. Kg2
{[%clk 0:14:42]} Kf6 {[%clk 0:12:08]} 39. h4 {[%clk 0:14:31]} h6 {[%clk 0:10:12]}
40. f3 {[%clk 0:40:43]} Kf7 {[%clk 0:38:40]} 41. h5 {[%clk 0:38:32]} Rdc8
{[%clk 0:33:38]} 42. hxg6+ {[%clk 0:37:40]} Kxg6 {[%clk 0:33:50]} 43. Kf2
{[%clk 0:36:45]} Rd8 {[%clk 0:26:58]} 44. Ng2 {[%clk 0:35:44]} Kf6
{[%clk 0:25:55]} 45. Ne1 {[%clk 0:34:11]} Rd4 {[%clk 0:23:55]} 46. Ng2
{[%clk 0:32:32]} Rdc4 {[%clk 0:23:51]} 47. Ne3 {[%clk 0:32:05]} Rc5
{[%clk 0:24:06]} 48. Rd2 {[%clk 0:31:46]} Ke6 {[%clk 0:20:19]} 49. g4
{[%clk 0:24:12]} f4 {[%clk 0:20:00]} 50. Ng2 {[%clk 0:23:58]} R5c4
{[%clk 0:16:41]} 51. Ne1 {[%clk 0:24:10]} Rc8 {[%clk 0:09:15]} 52. Re2+
{[%clk 0:18:14]} Kf6 {[%clk 0:09:31]} 53. Rd2 {[%clk 0:18:02]} R8c5
{[%clk 0:08:52]} 54. Rd6+ {[%clk 0:14:24]} Kg5 {[%clk 0:09:07]} 55. Rd8
{[%clk 0:14:27]} R3c4 {[%clk 0:07:01]} 56. Rd2 {[%clk 0:10:14]} h5
{[%clk 0:06:52]} 57. gxh5 {[%clk 0:10:34]} Kxh5 {[%clk 0:07:16]} 58. Nd3
{[%clk 0:10:16]} Rc8 {[%clk 0:06:56]} 59. Ne1 {[%clk 0:10:20]} Kg5
{[%clk 0:07:03]} 60. Kf1 {[%clk 0:09:30]} Rh8 {[%clk 0:06:36]} 61. Rg2+
{[%clk 0:08:04]} Kf5 {[%clk 0:06:58]} 62. Re2 {[%clk 0:05:26]} Rc7
{[%clk 0:05:55]} 63. Nd3 {[%clk 0:04:22]} Rch7 {[%clk 0:04:03]} 64. Ke1
{[%clk 0:03:52]} Rh3 {[%clk 0:03:16]} 65. Rf2 {[%clk 0:03:46]} Re8+
{[%clk 0:02:05]} 66. Kd2 {[%clk 0:04:08]} Re3 {[%clk 0:01:54]} 67. Ne1
{[%clk 0:04:14]} Kf6 {[%clk 0:02:10]} 68. Rg2 {[%clk 0:03:34]} Rh1
{[%clk 0:02:08]} 69. Re2 {[%clk 0:01:45]} Rxe2+ {[%clk 0:02:08]} 70. Kxe2
{[%clk 0:02:13]} Kf5 {[%clk 0:02:17]} 71. Kd2 {[%clk 0:01:29]} Rh2+
{[%clk 0:01:25]} 72. Kd3 {[%clk 0:01:39]} 1/2-1/2